Gastronomía: Patagonia chilena, Región de Magallanes
Saved in:
| Hovedforfatter: | |
|---|---|
| Format: | Bog |
| Sprog: | spansk engelsk |
| Udgivet: |
Santiago
Gourmet Patagonia
2010
|
| Fag: | |
| Tags: |
Tilføj Tag
Ingen Tags, Vær først til at tagge denne postø!
|
MARC
| LEADER | 00000nam a2200000 a 4500 | ||
|---|---|---|---|
| 001 | UCG7554 | ||
| 003 | CL-VaPUC | ||
| 008 | 110812e20100000CL |||||||||||||||||spa|d | ||
| 020 | |a 9789568906016 | ||
| 041 | 0 | 7 | |a spa |2 CL-VaPUC |
| 041 | 0 | 7 | |a eng |2 CL-VaPUC |
| 082 | 0 | 4 | |a 641 |b FAN |2 21 |
| 100 | 0 | |a Fantini Jarpa, Francisco |e author |9 558125 | |
| 245 | 1 | 0 | |a Gastronomía: Patagonia chilena, Región de Magallanes |
| 300 | |a 186 p | ||
| 942 | |c BK | ||
| 945 | |d 20110812 00:00:00 |a dcastane | ||
| 260 | |a Santiago |b Gourmet Patagonia |c 2010 | ||
| 650 | 0 | |a Cocina |9 328037 | |
| 650 | 0 | |a Gastronomía |9 324668 | |
| 650 | 0 | |a Patrimonio |9 257770 | |
| 583 | |a last modification |c 20110812 00:00:00 |k Rodrigo Vera | ||
| 999 | |c 345419 |d 345417 | ||
| 952 | |0 0 |1 0 |4 0 |6 641_000000000000000_FAN_2010 |7 0 |8 C |9 444132 |a BIBCUR |b BIBCUR |d 2019-11-22 |i 4788885 |l 2 |o 641 FAN 2010 |p 4788885 |r 2025-04-22 |s 2023-10-02 |w 2019-11-22 |y BK |k CAC | ||